| 000 | 00994cam a2200265 a 4500 | ||
|---|---|---|---|
| 001 | 951373 | ||
| 003 | OSt | ||
| 005 | 20140310182044.0 | ||
| 008 | 840430t19841982nyuaf 000 0 eng | ||
| 010 | _a 84010105 | ||
| 040 |
_aDLC _cDLC _dDLC |
||
| 050 | 0 | 0 |
_aBX 2350.2 _b.D386 1984 |
| 082 | 0 | 0 |
_aHS 248.4 _b.D39 1988 |
| 100 | 1 |
_aDe Mello, Anthony, _d1931- _911430 |
|
| 245 | 1 | 4 |
_aThe song of the bird / _cAnthony de Mello. |
| 260 |
_aGarden City, N.Y. : _bImage Books, _c1984, c1982. |
||
| 300 |
_axvi, 197 p., [1] leaf of plates : _bill. ; _c21 cm. |
||
| 541 | _j1 | ||
| 650 | 0 |
_aSpiritual life _xCatholic Church. _911431 |
|
| 650 | 0 |
_aStorytelling _xReligious aspects _xChristianity. _911432 |
|
| 856 | 4 | 2 |
_3Publisher description _uhttp://www.loc.gov/catdir/description/random0414/84010105.html |
| 856 | 4 | 2 |
_3Contributor biographical information _uhttp://www.loc.gov/catdir/enhancements/fy1115/84010105-b.html |
| 906 |
_a7 _bcbc _corignew _d1 _eocip _f19 _gy-gencatlg |
||
| 942 |
_2lcc _cHS _kHS |
||
| 999 |
_c8839 _d8839 |
||